Curvature and Betti numbers /
Guardado en:
| Autor Principal: | |
|---|---|
| Otros Autores: | |
| Formato: | Libro |
| Idioma: | English |
| Publicado: |
Princeton :
Princeton University Press,
1953.
|
| Series: | Annals of mathematics studies ;
no. 32 |
| Etiquetas: |
Agregar Etiqueta
Sin Etiquetas, Sea el primero en etiquetar este registro!
|
| LEADER | 00588nam a22001815a 4500 | ||
|---|---|---|---|
| 001 | MAT.inmabb000417 | ||
| 008 | 031125s1953####nju###########001#0#eng#d | ||
| 005 | 20110302183707.0 | ||
| 245 | 1 | 0 | |a Curvature and Betti numbers / |c by K. Yano and S. Bochner. |
| 260 | |a Princeton : |b Princeton University Press, |c 1953. | ||
| 300 | |a ix, 190 p. ; |c cm. | ||
| 440 | 0 | |a Annals of mathematics studies ; |v no. 32 | |
| 510 | 4 | |a MR, |c 15,989f | |
| 100 | 1 | |a Yano, Kentaro, |d 1912- | |
| 700 | 1 | |a Bochner, S. |q (Salomon), |d 1899- | |
| 084 | |a 53Cxx |2 msc2000 | ||
| 010 | |a 53006583 | ||
| 859 | |h 53 |i Y24c |p A-163 |b BIB. MATEMATICA | ||
